| 000 | 00608 a2200253 4500 | ||
|---|---|---|---|
| 260 | _aParis | ||
| 100 | _aMESPLEDE, J. | ||
| 700 | _aQUEYREL, J. L. | ||
| 260 | _bBréal | ||
| 245 | _aPrécis de chimie : chimie organique ; PCSI ; PC : cours, exercices résolus | ||
| 300 | _a352 p. | ||
| 650 | _a<CHIMIE ORGANIQUE><PROBLEMES ET EXERCICES RESOLUS> | ||
| 260 | _c1995 | ||
| 300 | _bfig. ; 24 cm. | ||
| 130 | _lFr. | ||
| 035 | _a12156 | ||
| 035 | _a12157 | ||
| 035 | _a12857 | ||
| 440 | _a(Précis) | ||
| 020 | _a2-85394-828-5 | ||
| 999 |
_c10142 _d10142 |
||